<?xml version="1.0" encoding="UTF-8"?>
<record
    xmlns:xsi="http://www.w3.org/2001/XMLSchema-instance"
    xsi:schemaLocation="http://www.loc.gov/MARC21/slim http://www.loc.gov/standards/marcxml/schema/MARC21slim.xsd"
    xmlns="http://www.loc.gov/MARC21/slim">

  <leader>01285nam a22002537a 4500</leader>
  <controlfield tag="005">20100819150325.0</controlfield>
  <controlfield tag="008">090525t        xxu||||| |||| 00| 0 Urd</controlfield>
  <datafield tag="010" ind1=" " ind2=" ">
    <subfield code="a">B-327669, UR-7785</subfield>
  </datafield>
  <datafield tag="020" ind1=" " ind2=" ">
    <subfield code="a">8185738297</subfield>
    <subfield code="c">335.00</subfield>
  </datafield>
  <datafield tag="035" ind1=" " ind2=" ">
    <subfield code="a">U-6340</subfield>
  </datafield>
  <datafield tag="037" ind1=" " ind2=" ">
    <subfield code="b">&#x622;&#x6C1;&#x644;&#x648;&#x648;&#x627;&#x644;&#x64A;&#x6C1; &#x628;&#x6A9;&#x688;&#x67E;&#x648;</subfield>
  </datafield>
  <datafield tag="040" ind1=" " ind2=" ">
    <subfield code="a">dpl</subfield>
    <subfield code="b">Urdu</subfield>
  </datafield>
  <datafield tag="082" ind1=" " ind2=" ">
    <subfield code="a">004</subfield>
  </datafield>
  <datafield tag="100" ind1=" " ind2=" ">
    <subfield code="a">&#x645;&#x62D;&#x645;&#x648;&#x62F;&#x627;&#x646;&#x648;&#x631;&#x639;&#x627;&#x634;&#x6CC;</subfield>
    <subfield code="9">15248</subfield>
  </datafield>
  <datafield tag="245" ind1=" " ind2=" ">
    <subfield code="a">&#x6A9;&#x645;&#x67E;&#x64A;&#x648;&#x679;&#x631; &#x688;&#x64A;&#x679;&#x627; &#x67E;&#x631;&#x648;&#x633;&#x64A;&#x633;&#x646;&#x6AF; /</subfield>
    <subfield code="c">&#x645;&#x62D;&#x645;&#x648;&#x631;&#x627;&#x646;&#x648;&#x631;&#x639;&#x627;&#x634;&#x6CC;</subfield>
  </datafield>
  <datafield tag="246" ind1=" " ind2=" ">
    <subfield code="a">Computer Data Processing /</subfield>
    <subfield code="b">by Mohd. Anwar Ashi</subfield>
  </datafield>
  <datafield tag="260" ind1=" " ind2=" ">
    <subfield code="a">&#x62F;&#x644;&#x651;&#x6CC;</subfield>
    <subfield code="b">&#x6A9;&#x62A;&#x627;&#x628; &#x648;&#x627;&#x644;&#x627;</subfield>
    <subfield code="c">2008</subfield>
  </datafield>
  <datafield tag="270" ind1=" " ind2=" ">
    <subfield code="a">2794,Gali Jhot Wali,Pahari Bhojla</subfield>
    <subfield code="b">Delhi</subfield>
    <subfield code="e">110006</subfield>
    <subfield code="k">23281499,23240379,9810277298</subfield>
  </datafield>
  <datafield tag="300" ind1=" " ind2=" ">
    <subfield code="a">344 &#x635;  </subfield>
    <subfield code="b">22cm.(Hb)</subfield>
  </datafield>
  <datafield tag="942" ind1=" " ind2=" ">
    <subfield code="2">ddc</subfield>
    <subfield code="c">UR</subfield>
    <subfield code="h">004</subfield>
    <subfield code="m">&#x645; &#x62D; &#x645;</subfield>
  </datafield>
  <datafield tag="999" ind1=" " ind2=" ">
    <subfield code="c">26792</subfield>
    <subfield code="d">26792</subfield>
  </datafield>
  <datafield tag="952" ind1=" " ind2=" ">
    <subfield code="0">0</subfield>
    <subfield code="1">0</subfield>
    <subfield code="2">ddc</subfield>
    <subfield code="4">0</subfield>
    <subfield code="7">0</subfield>
    <subfield code="8">NFIC</subfield>
    <subfield code="a">L</subfield>
    <subfield code="b">L</subfield>
    <subfield code="d">2009-05-25</subfield>
    <subfield code="e">Ahluwalia Book Depot /194/08/21.03.09/4:25/13.03.09/09.04.09</subfield>
    <subfield code="g">335.00</subfield>
    <subfield code="l">1</subfield>
    <subfield code="m">1</subfield>
    <subfield code="o">004 &#x645; &#x62D; &#x645;</subfield>
    <subfield code="p">B-327669</subfield>
    <subfield code="r">2019-04-02 00:00:00</subfield>
    <subfield code="s">2019-03-07</subfield>
    <subfield code="t">1</subfield>
    <subfield code="v">335.00</subfield>
    <subfield code="w">2009-05-25</subfield>
    <subfield code="y">UR</subfield>
  </datafield>
  <datafield tag="952" ind1=" " ind2=" ">
    <subfield code="0">0</subfield>
    <subfield code="1">0</subfield>
    <subfield code="2">ddc</subfield>
    <subfield code="4">0</subfield>
    <subfield code="7">1</subfield>
    <subfield code="8">NFIC</subfield>
    <subfield code="a">DBAD</subfield>
    <subfield code="b">DBAD</subfield>
    <subfield code="d">2010-08-19</subfield>
    <subfield code="e">DBAD/PUB</subfield>
    <subfield code="g">335.00</subfield>
    <subfield code="l">0</subfield>
    <subfield code="o">004 &#x645; &#x62D; &#x645;</subfield>
    <subfield code="p">U-6340</subfield>
    <subfield code="r">2010-08-19 00:00:00</subfield>
    <subfield code="t">1</subfield>
    <subfield code="v">335.00</subfield>
    <subfield code="y">UR</subfield>
  </datafield>
</record>
